Česká demokracie po roce 1989
| Titel: | Česká demokracie po roce 1989 : institucionální základy českého politického systému / Jan Bureš ; Jakub Charvát ; Petr Just a Petr Štefek |
|---|---|
| Beteiligt: | |
| Ausgabe: | 1. vyd. |
| Veröffentlicht: | Praha : Grada, 2012 |
| Umfang: | 526 S. : Ill. |
| Format: | Buch |
| Sprache: | Tschechisch |
| RVK-Notation: | |
| ISBN: | 9788024742830 |
| Hinweise zum Inhalt: |
Inhaltsverzeichnis
Klappentext |
alg: 31576601 001A $03004:23-01-13 001B $06055:06-03-26 $t20:14:10.000 001C $03004:26-07-13 $t13:04:31.000 001D $03004:26-07-13 001U $0utf8 001X $00 002@ $0Aau 003@ $0315766018 004A $A978-80-247-4283-0 007A $0315766018 $aHEB 007G $0DE0204739311C4A111E34C1257BBA0039C428 009P $qapplication/pdf $A2 $3Inhaltsverzeichnis $uhttp://scans.hebis.de/HEBCGI/show.pl?31576601_toc.pdf $mV:DE-603;B:DE-Mb50 009P $qapplication/pdf $A2 $3Klappentext $uhttp://scans.hebis.de/HEBCGI/show.pl?31576601_kla.pdf $mB:DE-12 010@ $acze 011@ $a2012 013H $0z 021A $aČeská demokracie po roce 1989 $dinstitucionální základy českého politického systému $hJan Bureš ; Jakub Charvát ; Petr Just a Petr Štefek 028C $7135746876 $8Bureš, Jan$Z1975- [Tp1] $9201509911 032@ $a1. vyd. 033A $pPraha $nGrada 034D $a526 S. 034M $aIll. 044K $RStaat $RStaatsform $RHerrschaftssystem $#Régimes politiques $#political systems $#Politisches System $#politisches System $#Politisches System $#Regierungssystem $#Regierungsform $#Regierungssystem $D20251120 $Ecgmnf $74046584-6 $8Politisches System [Ts1] $9085130036 044K $RBöhmische Länder $RČeská SR $RTschechoslowakei $#Tschechien $#Tschechische Republik $#Tschechien $#Tschechische Republik $#Tschechenland $#Tschechei Tschechien $#Česká Republika $#Czech Republic $#ČR $D20251120 $Ecgmnf $74303381-7 $8Tschechien [Tg1] $9086659812 045F $a909 $eDDC23BSB 045F/01 $a909 045F/03 $f09048 045F/03 $f09049 045F/03 $g437 045F/03 $g4371 045Z $D20251120 $Ecgmnf $8MG 96620 [Tkv] $9410569305 046M $aLiteraturverz. S. 483 - 521. - Zsfassung in engl. Sprache lok: 31576601 24 101B $026-07-13 $t13:42:01.000 101C $026-07-13 101U $0utf8 145Z/01 $a22 7 Q 145Z/02 $a22 7 V 145Z/03 $a22 7 Vp 145Z/04 $a23 7 Q 145Z/05 $a23 7 V exp: 31576601 24 1 #EPN 201B/01 $026-07-13 $t13:42:01.000 201C/01 $023-01-13 201U/01 $0utf8 203@/01 $0661167437 208@/01 $a26-07-13 $bz 209A/01 $a13.01490 $du $f050 $h13 01490 $x00 209C/01 $a13.01490 K $h13 01490 K 209G/01 $a73035325 $x00 220C/01 $akon 247C/01 $8358050-7Marburg, Bibliothek des Herder-Instituts Marburg $9102600961
| LEADER | 00000cam a2200000 c 4500 | ||
|---|---|---|---|
| 001 | 315766018 | ||
| 003 | DE-603 | ||
| 005 | 20260306201410.0 | ||
| 007 | tu | ||
| 008 | 130123s2012 xx |||| | u00||u|cze c | ||
| 020 | |a 9788024742830 | ||
| 035 | |a (DE-599)HEB315766018 | ||
| 040 | |a DE-603 |b ger |c DE-603 |d DE-603 | ||
| 041 | |a cze | ||
| 082 | 0 | 4 | |8 1\u |a 909 |q DE-101 |2 23/BSB |
| 084 | |a MG 96620 |0 (DE-625)122875:12180 |0 (DE-603)410569305 |2 rvk | ||
| 085 | |8 1\u |b 909 | ||
| 085 | |8 1\u |z 1 |s 09048 | ||
| 085 | |8 1\u |z 1 |s 09049 | ||
| 085 | |8 1\u |z 2 |s 437 | ||
| 085 | |8 1\u |z 2 |s 4371 | ||
| 245 | 0 | 0 | |a Česká demokracie po roce 1989 |b institucionální základy českého politického systému |c Jan Bureš ; Jakub Charvát ; Petr Just a Petr Štefek |
| 250 | |a 1. vyd. | ||
| 264 | 1 | |a Praha |b Grada |c 2012 | |
| 300 | |a 526 S. |b Ill. | ||
| 504 | |a Literaturverz. S. 483 - 521. - Zsfassung in engl. Sprache | ||
| 650 | 7 | |a Politisches System |0 (DE-588)4046584-6 |0 (DE-603)085130036 |2 gnd | |
| 651 | 7 | |a Tschechien |0 (DE-588)4303381-7 |0 (DE-603)086659812 |2 gnd | |
| 700 | 1 | |a Bureš, Jan |d 1975- |0 (DE-603)201509911 |0 (DE-588)135746876 |2 gnd | |
| 856 | 4 | 2 | |m V:DE-603;B:DE-Mb50 |q application/pdf |u http://scans.hebis.de/HEBCGI/show.pl?31576601_toc.pdf |3 Inhaltsverzeichnis |
| 856 | 4 | 2 | |m B:DE-12 |q application/pdf |u http://scans.hebis.de/HEBCGI/show.pl?31576601_kla.pdf |3 Klappentext |
| 924 | 0 | |9 Mb 50 |a (DE-603)661167437 |b DE-Mb50 |c HES |d c |g 13.01490 | |


